[Event "CHN-ch Rapid Open 2018"]
[Site "Shenzhen"]
[Date "2018.06.06"]
[Round "4"]
[White "Li, Yankai"]
[Black "Zeng, Chongsheng"]
[Result "1/2-1/2"]
[WhiteElo "2435"]
[BlackElo "2532"]
[Annotator "TA"]
[PlyCount "187"]
[EventDate "2018.??.??"]
[EventType "rapid"]
[EventCountry "CHN"]
[SourceTitle "playchess.com"]
[Source "ChessBase"]
[SourceQuality "1"]

{[%evp 9,187,35,45,47,48,50,59,55,54,53,58,56,66,62,62,53,58,58,63,72,44,36,37,27,39,29,33,18,49,41,50,42,43,35,35,0,0,0,0,0,0,-5,0,-8,0,-18,-18,-18,-16,-17,-10,-18,-14,-20,-6,-25,-21,-58,-53,-72,-72,-72,-72,-72,-49,-49,-49,-68,-58,-51,-56,-56,-56,-50,-47,-40,-6,-6,-6,-14,-6,-6,-6,-6,-6,-6,-6,-148,-152,-145,0,0,14,12,18,29,75,-27,-32,-32,-18,-15,-8,-81,0,0,0,0,0,0,0,-868,-872,-810,-737,-658,0,0,0,0,0,0,0,0,0,0,0,0,0,0,0,0,0,0,0,0,0,0,0,0,0,0,0,0,0,0,0,0,0,0,0,0,0,0,0,0,0,0,0,0,0,0,0,0,0,0,0,0,0,0,0,0,0,0,0,0,0,0,0,0]} 1. d4 d5 2. c4 e6 3. Nf3 c6 4. Bg5 f6 5. Bd2 Bd6 6. Nc3 {D30: Queen's Gambit Declined: Systems without Nc3} f5 7. Bg5 Nf6 8. e3 {White is slightly better.} O-O 9. Bd3 Qe8 10. O-O Ne4 11. Bf4 Qe7 $146 ({Predecessor:} 11... Be7 12. h3 Nd7 {1-0 (43) Shishkin,V (2484)-Karakehajov,K (2458) Bucharest 2006}) 12. Qc2 Nd7 13. Rac1 g5 14. Bxd6 (14. Nxe4 dxe4 15. Bxd6 (15. Bxg5 Qg7 $17) 15... Qxd6 $11) 14... Nxd6 15. cxd5 exd5 16. Rfe1 a5 17. Na4 Ne4 18. Nc5 g4 19. Nxd7 Bxd7 20. Ne5 Kh8 21. Bxe4 (21. g3 {is more complex.} Be6 22. h4 gxh3 23. Kh2 Nf6 24. f3) 21... fxe4 22. Qc5 (22. Qd2 {is interesting.} Be6 23. Rc5 Qh4 24. g3 Qd8 25. Rb1) 22... Qxc5 23. Rxc5 (23. dxc5 $2 {loses.} Bf5 $19) 23... Be6 24. a4 Ra6 25. b3 Rfa8 26. Rec1 Kg7 27. Kf1 Kf6 28. Ke2 Rb6 29. R5c3 Rf8 30. Rf1 Ke7 31. Kd2 Kd6 32. Kc2 Ra6 33. Kd2 Rf6 34. Rcc1 Rh6 35. Rh1 Ra8 36. Ke2 Rh5 37. Rcg1 Rg8 38. h3 gxh3 39. gxh3 Rhg5 40. Rxg5 Rxg5 $15 {[%mdl 4096] Endgame KRB-KRN} 41. h4 Rg8 42. h5 h6 43. Ng6 b6 44. Nf4 Bc8 45. Kd2 c5 46. Kc3 Rg5 47. Ng6 Rg2 48. Rf1 (48. Nf4 $1 $11 Rg5 49. Ra1) 48... Ba6 $17 49. Rd1 cxd4+ ({Don't take} 49... Rxf2 50. Nf4 $17) (49... Be2 $1 $17 {[%cal Re2d1]} 50. Ra1 Bf3) 50. Kxd4 $11 Be2 51. Rc1 Bxh5 52. Nf4 Rxf2 {aiming for ...Bg4.} 53. Nxh5 {KRN-KR} ({White must play} 53. Rh1 $1 $16 {[%cal Rh1h5]} Bf3 54. Rxh6+ Kd7 55. Nxd5 (55. Rxb6 Rd2+ 56. Kc5 d4 $16)) 53... Rd2+ 54. Kc3 Rd3+ 55. Kc2 {Hoping for Re1.} Rxe3 56. Ng7 {[#]} (56. Rh1 $11 {keeps the balance.}) 56... Rf3 (56... Re2+ $1 $17 57. Kd1 Rh2) 57. Rh1 Kc5 58. Rxh6 Rf2+ 59. Kc1 e3 60. Re6 $2 {[%mdl 8192] [#]} (60. Ne6+ $11 Kb4 61. Rh3) 60... Kd4 $1 $19 {[%cal Rd4d3]} 61. Nh5 Kd3 62. Ng3 e2 $2 ({Black should try} 62... Rc2+ $19 63. Kb1 Rg2) 63. Nxe2 $1 $11 {The position is equal.} Rxe2 64. Rxb6 {KR-KR} d4 {And now ...Kc3 would win.} 65. Rb5 Rc2+ 66. Kd1 Ra2 {[%cal Ra2a1]} 67. Kc1 $1 Kc3 {[%cal Ra2a1]} 68. Rc5+ $1 Kxb3 69. Rxa5 Kc3 {[%cal Ra2a1]} (69... d3 {feels hotter.} 70. Ra8 Rc2+ 71. Kd1 Kc3 72. Rc8+ Kb4) 70. Rc5+ Kd3 71. a5 Rh2 72. a6 Ra2 73. Rc6 Ra5 74. Rh6 Ra1+ 75. Kb2 Ra5 76. Kc1 Kc3 {[%cal Ra5a1]} (76... Ra1+ {seems wilder.}) 77. Rc6+ Kd3 78. Rh6 Rc5+ (78... Ra1+ {feels hotter.}) 79. Kb2 Rb5+ 80. Kc1 Ra5 81. Rh3+ Ke2 82. Rh2+ Ke3 83. Rh3+ Ke2 84. Rh2+ Kd3 85. Rh3+ Kc4 86. Rh6 Kc3 {[%cal Ra5a1]} 87. Rc6+ Kd3 88. Rh6 Rc5+ (88... Ra1+ {with more complications.}) 89. Kb2 Rc7 90. Rh3+ Kc4 91. Ra3 Ra7 92. Kc2 Kb4 93. Ra1 Kb5 94. Kd3 {Precision: White = 58%, Black = 70%.} 1/2-1/2

[Event "CHN-ch Rapid Open 2018"]
[Site "Shenzhen"]
[Date "2018.06.06"]
[Round "4"]
[White "Chen, Qi b"]
[Black "Bai, Jinshi"]
[Result "0-1"]
[WhiteElo "2432"]
[BlackElo "2594"]
[Annotator "TA"]
[PlyCount "72"]
[EventDate "2018.??.??"]
[EventType "rapid"]
[EventCountry "CHN"]
[SourceTitle "playchess.com"]
[Source "ChessBase"]
[SourceQuality "1"]

{[%evp 27,72,19,0,0,0,-17,-12,-14,6,0,2,13,22,3,9,0,18,0,4,0,2,-28,-11,-22,-32,-87,-23,-21,-18,-21,-14,-22,0,-12,-22,-25,-24,-95,-97,-135,-128,-409,-413,-29985,-29986,-5465,-797]} 1. e4 c5 2. Nf3 e6 3. Nc3 a6 4. Be2 Nc6 5. d4 cxd4 6. Nxd4 d6 7. Be3 Nf6 8. O-O Be7 9. f4 O-O 10. Kh1 Nxd4 11. Qxd4 Qc7 12. a4 e5 13. Qd2 exf4 {B85: Sicilian Scheveningen: 6 Be2 a6, lines with early Be3} 14. Bxf4 Be6 {LiveBook: 21 Games} 15. Bd3 (15. Rad1 Rfd8 16. Qd3 Rac8 17. Qg3 Qb6 18. Be3 Qb4 19. Bd4 Kh8 20. Rf4 Qa5 21. Nd5 Bxd5 22. exd5 Rxc2 {1-0 (29) Ganguly,S (2639)-Vazquez Igarza,R (2602) Jakarta 2013}) 15... Nd7 {The position is equal.} 16. Ne2 $146 ({Predecessor:} 16. Nd5) 16... Bf6 17. c3 Be5 18. Nd4 Bxf4 19. Rxf4 Ne5 20. h3 Rfe8 21. Re1 Rad8 22. Bb1 Bc4 23. b3 Be6 $1 24. c4 Nc6 (24... f6 {with more complications.} 25. Rff1 Bf7 26. Nf5 Bg6 27. Rd1 b6) 25. Nxc6 bxc6 26. Qc2 ({White should play} 26. Rff1 $15) 26... g6 (26... d5 $17 27. e5 g6) 27. Ref1 $11 Qa5 28. Qc1 Qg5 29. Bc2 h5 30. Qd1 d5 31. exd5 cxd5 32. c5 (32. Qf3 $11 {remains equal.}) 32... d4 $1 $17 33. Rxd4 Bd5 $40 {[%csl Gd5][%cal Rg5g2][%mdl 128] Black is out for blood.} 34. Rf2 $2 {[%mdl 8192] [#]} (34. Rxd5 $17 Qxd5 35. Qxd5 Rxd5 36. b4) 34... Qg3 $1 $19 {[%csl LRf2,LRh3][%cal Rg3f2]} 35. Kg1 {[#]} (35. Re2 $19 Bxg2+ 36. Rxg2 Re1+ 37. Qxe1 Qxe1+ 38. Rg1) 35... Bxg2 $1 {[%mdl 512]} 36. Rxg2 Re1+ {Precision: White = 24%, Black = 46%.} 0-1

[Event "CHN-ch Rapid Open 2018"]
[Site "Shenzhen"]
[Date "2018.06.06"]
[Round "4"]
[White "Xiang, Zeyu"]
[Black "Lou, Yiping"]
[Result "0-1"]
[WhiteElo "2423"]
[BlackElo "2484"]
[Annotator "TA"]
[PlyCount "66"]
[EventDate "2018.??.??"]
[EventType "rapid"]
[EventCountry "CHN"]
[SourceTitle "playchess.com"]
[Source "ChessBase"]
[SourceQuality "1"]

{[%evp 21,66,9,15,2,42,33,65,2,4,-222,-177,-216,-216,-241,-244,-239,-230,-231,-231,-231,-237,-253,-239,-245,-238,-260,-249,-301,-274,-343,-345,-363,-283,-360,-331,-296,-242,-626,-656,-722,-714,-861,-851,-943,-933,-869,-819]} 1. d4 Nf6 2. c4 g6 3. Nc3 d5 4. Bf4 Bg7 5. e3 c5 6. dxc5 Qa5 7. Rc1 dxc4 8. Bxc4 O-O 9. Nge2 Qxc5 10. Qb3 Qa5 {D82: Grünfeldindisch (4.Lf4)} 11. O-O Nbd7 {[%cal Bb8d7,Bd7b6,Bb6d5][%mdl 32] LiveBook: 4 Partien} 12. Rfd1 {und nun wäre Sd5 stark für Weiss.} Nb6 $146 {Die Stellung ist ausgeglichen.} ({Vorgänger:} 12... Nc5 13. Qb5 Qxb5 14. Nxb5 Be6 15. Bxe6 Nxe6 16. Be5 Rfc8 17. Ned4 Nxd4 18. Nxd4 {½-½ (30) Matlakov,M (2691)-Li,C (2730) Novi Sad 2016}) 13. Bc7 Bd7 14. Nd5 ({Günstiger ist} 14. Nf4 $14) 14... Nfxd5 $11 15. Bxd5 $2 {[#]} (15. Rxd5 $11 Qa4 16. Bxb6 axb6 17. Qxb6) 15... Ba4 $19 16. Qa3 Qb5 17. Rd2 {Droht stark Lxb6.} Nxd5 18. Rc5 {[#]} Nxc7 $1 {[%mdl 512]} 19. Rxb5 (19. Rxc7 Qa5) 19... Bxb5 20. Qxe7 Rac8 21. h4 Rfe8 22. Qa3 a6 23. h5 Ne6 24. b3 Red8 25. Rxd8+ Rxd8 ({Nicht} 25... Nxd8 26. Nf4 $17) 26. Ng3 Bc6 27. Qb4 Be5 28. f4 Bc7 29. Kh2 $2 (29. Ne4) 29... Rd3 {Schwarz steht klar auf Gewinn.} 30. Nf1 g5 31. Qc4 Bb5 32. Qe4 gxf4 33. exf4 Rd4 {Precision: Weiß = 31%, Schwarz = 68%.} 0-1

[Event "CHN-ch Rapid Open 2018"]
[Site "Shenzhen"]
[Date "2018.06.06"]
[Round "4"]
[White "Zhao, Yuanhe"]
[Black "Zhao, Zhouqiao CHN"]
[Result "1-0"]
[WhiteElo "2379"]
[BlackElo "2223"]
[Annotator "TA"]
[PlyCount "145"]
[EventDate "2018.??.??"]
[EventType "rapid"]
[EventCountry "CHN"]
[SourceTitle "playchess.com"]
[Source "ChessBase"]
[SourceQuality "1"]

{[%evp 24,145,41,50,66,57,90,91,122,97,86,92,81,87,106,113,94,91,130,117,124,126,172,93,105,0,140,120,150,150,158,152,173,168,165,167,165,159,204,205,205,205,205,205,205,197,193,184,205,198,198,158,158,158,175,176,177,173,166,177,197,35,35,42,42,42,66,42,69,46,60,70,95,78,459,369,412,437,404,408,392,370,379,319,899,883,756,1018,981,885,916,900,642,378,29967,29970,29968,29969,29968,29969,29968,29970,4772,3393,29973,29975,5393,2297,29951,6398,6510,3547,29978,29979,29979,1962,29980,29981,29981,29982,29982,29983,29979,29979]} 1. d4 Nf6 2. Nf3 e6 3. c4 d5 4. g3 Bb4+ 5. Nbd2 dxc4 6. Bg2 O-O 7. Qc2 Nc6 8. Qxc4 Qd5 9. O-O {E04: Open Catalan: 5 Nf3} Bxd2 10. Qxd5 exd5 11. Bxd2 Re8 12. e3 Bf5 13. Rfc1 {LiveBook: 6 Games} Rac8 14. b4 {[%cal Bb2b4,Bb4b5][%mdl 32]} Be4 15. b5 Ne7 {[#]} (15... Nb8 16. Rc3 c6 {1-0 (54) Jumabayev,R (2607)-Fridman,D (2624) Tallinn 2016}) 16. Ne5 $146 ({Predecessor:} 16. Bb4 c6 {1-0 (41) Petursson,M (2515)-Thorsteins,K (2480) Grundarfjordur 1991}) 16... Bxg2 17. Kxg2 Ne4 18. Bb4 Nd6 19. a4 f6 20. Nd3 Red8 21. Rc2 Kf7 22. Rac1 Ne8 23. Nc5 (23. g4 $18) 23... Rb8 $16 24. Nd3 ({Better is} 24. h4 $16) 24... Rd7 (24... Rbc8 $1 $11) 25. Ba5 b6 26. Bb4 Nf5 27. g4 $36 {[%mdl 2048] White is really pushing.} Nh4+ 28. Kg3 Ng6 29. h4 {[%cal Bh2h4,Bh4h5][%mdl 32]} Ra8 30. h5 Ne7 31. Bxe7 Kxe7 32. Nb4 Kf7 33. Kf3 Ke6 34. Rc6+ Kf7 35. Rg1 h6 36. Ra1 Ke7 37. a5 Rc8 38. Rc2 Kf7 39. Nc6 Ra8 40. axb6 cxb6 41. Rca2 Nd6 42. Rxa7 $2 (42. Nxa7 $18 Rc7 43. Kf4) 42... Rdxa7 $14 43. Rxa7+ Rxa7 44. Nxa7 $18 {[%mdl 4096] Endgame KN-KN} Ke6 45. Kf4 Kf7 46. f3 Ke7 47. e4 {Threatens to win with e5.} Ke6 48. e5 Ne8 $2 {[%mdl 8192]} (48... Nc4 $16 {is a better chance.}) 49. Nc8 $1 {[%cal Rc8b6]} Nc7 {[#]} 50. Nd6 $1 {[%cal Rd6f5]} fxe5+ 51. dxe5 d4 52. Ke4 d3 {White must now prevent ...d2.} 53. Nc4 Nxb5 $2 (53... d2 54. Nxd2 Nxb5) 54. Kxd3 Nc7 55. f4 {[%cal Bf3f4,Bf4f5][%mdl 32]} b5 56. Ne3 Na6 57. Kd4 Nb4 58. f5+ Kf7 $2 (58... Kd7 $18 59. Ke4 Nc6) 59. e6+ Ke8 60. Kc5 Nd3+ 61. Kxb5 Ne5 62. Kc5 Ke7 63. Kd4 Nc6+ 64. Ke4 Kd6 65. Nc4+ (65. Nd5 $142 Na7 {[#]} 66. g5 $1 {[%mdl 512]}) 65... Ke7 66. Ne5 Nb4 67. Ng6+ Kf6 68. Nf4 Nc6 69. Nd5+ Kg5 70. Kf3 {White mates.} Nd4+ 71. Kg3 Nb5 72. e7 Nd6 73. Nc7 {Precision: White = 68%, Black = 41%.} 1-0